000 nam a22 7a 4500
999 _c4872
_d4872
005 20210323094109.0
008 210323b2021 xxu||||| |||| 00| 0 eng d
020 _a9790060036040
040 _aAKMAL
082 _a788.971 LAN
090 _a788.971
_bLAN
100 _aOtto Langey
_99272
245 _aPractical Tutor (Saxophone) :
_bOtto Langey
260 _aLondon
_bBoosey & Hawkes Music Publishers Limited
264 _aLondon
_bBoosey & Hawkes Music Publishers Limited
300 _a131 page
_c30cm
942 _2ddc
_cBOOK